Study guide to accompany McConnell and Brue microeconomics. / (Record no. 723)

MARC details
000 -LEADER
fixed length control field 01383nam a22002057a 4500
005 - DATE AND TIME OF LATEST TRANSACTION
control field 20210414113927.0
008 - FIXED-LENGTH DATA ELEMENTS--GENERAL INFORMATION
fixed length control field 120419t xxu||||| |||| 00| 0 eng d
020 ## - INTERNATIONAL STANDARD BOOK NUMBER
International Standard Book Number 0070468230
050 ## - LIBRARY OF CONGRESS CALL NUMBER
Classification number HB172.W671
100 ## - MAIN ENTRY--PERSONAL NAME
Personal name Walstad, William B.
245 ## - TITLE STATEMENT
Title Study guide to accompany McConnell and Brue microeconomics. /
Statement of responsibility, etc. William B. Walstad and Robert C. Bingham,
246 ## - VARYING FORM OF TITLE
Title proper/short title Microeconmics
250 ## - EDITION STATEMENT
Edition statement 13th edition
260 ## - PUBLICATION, DISTRIBUTION, ETC.
Place of publication, distribution, etc. New York:
Name of publisher, distributor, etc. McGraw Hill,
Date of publication, distribution, etc. 1996.
300 ## - PHYSICAL DESCRIPTION
Extent xii, 338 p.:
Other physical details ill.;
Dimensions 26cm
505 ## - FORMATTED CONTENTS NOTE
Formatted contents note Contents: The Nature and method of economics -- The Economizing problem -- Understanding individual markets: demand and supply -- Pure capitalism and the market system -- The Mixed economy: private and oublic sectors -- The US in the global economy -- Demand and supply: elasticities and application -- Consumer behaviour and utility maximization -- The Cost of production -- Price and output determination -- Monopolistic competition -- Oligopoly -- Public choice theory and taxation -- Antitrust, regulation and industrial policy -- Income inequality and poverty -- The Economics of health care -- Labor market issues: unionism, discrimination and immigration -- International trade -- Exchange rates, balance of payments and trade deficits --Russia: an economy in transition.
650 ## - SUBJECT ADDED ENTRY--TOPICAL TERM
Topical term or geographic name entry element Microeconomics.
700 ## - ADDED ENTRY--PERSONAL NAME
Personal name Bingham, Robert C.
942 ## - ADDED ENTRY ELEMENTS (KOHA)
Source of classification or shelving scheme Library of Congress Classification
Koha item type Books
Holdings
Withdrawn status Lost status Source of classification or shelving scheme Damaged status Not for loan Home library Current library Shelving location Date acquired Total Checkouts Full call number Barcode Date last seen Copy number Price effective from Koha item type
    Library of Congress Classification     WISCONSIN INTERNATIONAL UNIVERSITY COLLEGE, GHANA - MAIN LIBRARY WISCONSIN INTERNATIONAL UNIVERSITY COLLEGE, GHANA - MAIN LIBRARY General Stacks 19/04/2012   HB172.W671 1695/12 19/04/2012 1 19/04/2012 Books
    Library of Congress Classification     WISCONSIN INTERNATIONAL UNIVERSITY COLLEGE, GHANA - MAIN LIBRARY WISCONSIN INTERNATIONAL UNIVERSITY COLLEGE, GHANA - MAIN LIBRARY General Stacks 19/04/2012   HB172.W672 1696/12 19/04/2012 2 19/04/2012 Books

If you have any concerns or questions; kindly contact the library


© Powered by WIUC ICT DIRECTORATE